000 01079cam a22003377a 4500
003 CHAP
005 20220329143030.0
008 050921d2004 mx d r 00110 spa d
010 _a90950
011 _a91922
020 _a9682325056
035 _a102485
040 _cCHAP
082 0 4 _a320.5
_bS3
100 0 0 _aSaxe Fernández, John
_e, coord.
_9102813
245 1 0 _aTercera vía y neoliberalismo:
_bun análisis crítico
_c/coord. por John Saxe-Fernández
260 _aMéxico, D. F. :
_bSiglo Veintiuno,
_c2004
300 _a321 p. :
_bgráfs. ; cuadros
590 _aBATCH-UPD
_b10
_c20130110
_lUCH01
_h0614
590 _aBATCH-UPD
_b10
_c20130410
_lUCH01
_h0257
590 _aBATCH-UPD
_b10
_c20130914
_lUCH01
_h0844
590 _aCONVERSION
_b10
_c20130109
_lUCH01
_h1350
650 1 4 _aCapitalismo.
_918711
650 1 4 _aGlobalización.
_948300
650 1 4 _aNeoliberalismo.
_980855
901 _aBK
905 _aMarco A. Mendoza T.
911 _aCustodia
942 _cLIBRO
949 _a320.5 S3
_bBC
_cLIBRO
_d33724000961603
_eLIBRO
_gI.c/e
_h107202
_i102485
_si
_t$150.00
999 _c90950
_d90950